|
|
|
|
| LEADER |
01247nam a2200265 a 4500 |
| 001 |
GR-MES10 |
| 008 |
991111s enk 000 b eng d |
| 020 |
|
|
|a 0709941066
|
| 040 |
|
|
|a GrPaTEI
|b gre
|c GR-PaULI
|
| 245 |
0 |
0 |
|a Computer graphics in biology.
|
| 260 |
|
|
|a London :
|b Croon Helm,
|c c1986
|
| 300 |
|
|
|a 211σελ. :
|b εικ.
|
| 490 |
1 |
|
|a Computers in biology series
|
| 500 |
|
|
|a Περιέχει βιβλιογραφικές αναφορές
|
| 650 |
|
0 |
|a Bιολογία-Υπολογιστές
|
| 650 |
|
4 |
|a Βιολογία-Γραφικά για υπολογιστές
|
| 650 |
|
4 |
|a Βιολογία-Επεξεργασία δεδομένων
|
| 700 |
1 |
|
|a Matela, Raymond J.
|
| 700 |
1 |
|
|a Ransom, Robert
|
| 710 |
0 |
|
|a Croon Helm
|
| 830 |
|
0 |
|1 0015434
|1 2001
|a The medical unity of the mediterranean world inantiquity and the middle ages : A lecture delivered at the first mediterranean madical meeting Herakleion, Grete, 24 September 1989 (By Speros Vryonis)
|
| 942 |
|
|
|2 ddc
|
| 952 |
|
|
|0 0
|1 0
|2 ddc
|4 0
|6 574_000000000000000_RAN
|7 0
|9 263251
|a MSLG
|b MSLG
|c BSC
|d 2021-01-17
|e 24
|f 0
|g 0.00
|l 0
|o 574 RAN
|p 2420000000610
|r 2021-01-17 00:00:00
|t 1
|w 2021-01-17
|y BK15
|x 19991111 0 1
|x GrPaTEI
|
| 971 |
|
|
|a .b25710515
|b 15-04-20
|c 13-09-16
|
| 999 |
|
|
|c 151511
|d 151511
|